LIBRARY & INFORMATION CENTRE, KCAET, TAVANUR

ONLINE PUBLIC ACCESS CATALOGUE (OPAC)

Farm power and machinery management / (Record no. 163)

MARC details
000 -LEADER
fixed length control field 00362cam a2200145ua 4500
020 ## - INTERNATIONAL STANDARD BOOK NUMBER
ISBN 0-8138-1756-0
082 ## - DEWEY DECIMAL CLASSIFICATION NUMBER
Classification number 631.306 8
Item number HUN/FA
100 ## - MAIN ENTRY--AUTHOR NAME
Personal name Hunt, Donnell.
245 ## - TITLE STATEMENT
Title Farm power and machinery management /
250 ## - EDITION STATEMENT
Edition statement 10 /
260 ## - PUBLICATION, DISTRIBUTION, ETC. (IMPRINT)
Place of publication Iowa :
Name of publisher Iowa state university press ,
Year of publication 2001.
300 ## - PHYSICAL DESCRIPTION
Number of Pages 368 ; .
500 ## - GENERAL NOTE
General note 20693-Reference
942 ## - ADDED ENTRY ELEMENTS (KOHA)
Koha item type Books
Holdings
Withdrawn status Lost status Damaged status Home library Current library Date acquired Full call number Accession Number Koha item type Collection code Shelving location Source of acquisition Cost, normal purchase price
      KAUAET KAUAET 07/04/2012 631.306 8 20694 Books        
      KAUAET KAUAET 07/04/2012 631.306 8 20693 Books        
      KAUAET KAUAET 30/03/2013 631.306 8 HUN/FA 23757 Books Non-fiction General Stacks Penta Book Distributors  
      KAUAET KAUAET 30/03/2013 631.306 8 HUN/FA 23907 Books Non-fiction General Stacks Neoti Book Agency 895.00
free website counter